000
00275nam a2200121Ia 4500
008
241002s9999 xx 000 0 und d
082
_a
808.84 VIR
100
_a
Virgina, Woolf
245
0
_a
Collected Essays
260
_a
London:
_c
1967
600
_a
Literature
942
_c
UC
999
_c
18803
_d
18803